Economic Crime in Slovakia

Definícia: ekonomická kriminalita, ekonomický priestupok. Prehľad rôznych typov ekonomickej kriminality na Slovensku v období 2016-2017.

Gespeichert in:
Bibliographische Detailangaben
1. Verfasser: Lukáč, Jozef, 1991-
Weitere Verfasser: Freňáková, Magdaléna, 1981-, Kmeťová, Oľga, 1959-
Format: Buchkapitel
Sprache:Englisch
Schlagworte:
Tags: Tag hinzufügen
Keine Tags, Fügen Sie das erste Tag hinzu!

MARC

LEADER 00000naa$a2200000$$$4500
001 0253243
005 20240502083723.8
041 0 |a eng 
044 |a NL 
245 1 0 |a Economic Crime in Slovakia  |c J. Lukáč, M. Freňáková, O. Kmeťová 
520 |a Definícia: ekonomická kriminalita, ekonomický priestupok. Prehľad rôznych typov ekonomickej kriminality na Slovensku v období 2016-2017. 
610 2 0 |a kriminalita 
610 2 0 |a kriminalita hospodárska 
610 2 0 |a priestupky 
610 2 0 |a Slovensko 
610 2 0 |a zaťaženie daňové 
610 2 0 |a dane z hodnoty pridanej 
610 2 0 |a definície 
100 1 |a Lukáč, Jozef, 1991- 
700 1 |a Freňáková, Magdaléna, 1981- 
700 1 |a Kmeťová, Oľga, 1959-